Southville International School and Colleges
Your cart is empty.
  • Cart
  • Lists
    Public lists Eva Luna New books Lux_list list_1
    Your lists Log in to create your own lists
  • Log in to your account
  • Your cookies
  • Search history
Southville International School and Colleges
  • Advanced search
  • Recent comments
  • Most popular
  • Libraries

Log in to your account

Log in with GOOGLE


If you do not have an external account, but do have a local account, you can still log in:

  1. Home
  2. MARC view: Daddy day, daughter day /
Normal view MARC view ISBD view

Daddy day, daughter day / (Record no. 102514)

[ view plain ]
MARC details
000 -LEADER
fixed length control field 00526nam a2200169 a 4500
005 - DATE AND TIME OF LATEST TRANSACTION
control field 20140412111237.0
008 - FIXED-LENGTH DATA ELEMENTS--GENERAL INFORMATION
fixed length control field 010710s19uu xx 00 eng d
020 ## - INTERNATIONAL STANDARD BOOK NUMBER
International Standard Book Number 0-7871-0490-6
050 ## - LIBRARY OF CONGRESS CALL NUMBER
Classification number TR(PS E
Item number Da12 1997
100 ## - MAIN ENTRY--PERSONAL NAME
Personal name King, Larry
245 ## - TITLE STATEMENT
Title Daddy day, daughter day /
Statement of responsibility, etc by Larry King and Chaia King; illustrated by Wendy Christensen.
260 ## - PUBLICATION, DISTRIBUTION, ETC. (IMPRINT)
Place of publication, distribution, etc Los Angeles, CA :
Name of publisher, distributor, etc A Dove Kids,
Date of publication, distribution, etc 1997.
300 ## - PHYSICAL DESCRIPTION
Extent 1v. (unp.) ; ill.
650 ## - SUBJECT ADDED ENTRY--TOPICAL TERM
Topical term or geographic name as entry element Divorce-Stories
650 ## - SUBJECT ADDED ENTRY--TOPICAL TERM
Topical term or geographic name as entry element Father and daughter-Stories
Holdings
Withdrawn status Lost status Damaged status Use restrictions Home library Current library Shelving location Date acquired Source of acquisition Total Checkouts Full call number Barcode Date last seen Price effective from Koha item type
        Elizalde Library Elizalde Library Teachers Reference Section 07/10/2001     TR(PS E Da12 1997 E1937 04/12/2014 04/12/2014 Books

Daddy day, daughter day /

APA

King L., . (1997). Daddy day, daughter day. Los Angeles, CA: A Dove Kids.

Chicago

King Larry, . 1997. Daddy day, daughter day. Los Angeles, CA: A Dove Kids.

Harvard

King L., . (1997). Daddy day, daughter day. Los Angeles, CA: A Dove Kids.

MLA

King Larry, . Daddy day, daughter day. Los Angeles, CA: A Dove Kids. 1997.

  • Place hold
  • Print
  • Cite
  • Add to your cart (remove)
  • Save record
    BIBTEX Dublin Core MARCXML MARC (non-Unicode/MARC-8) MARC (Unicode/UTF-8) MARC (Unicode/UTF-8, Standard) MODS (XML) RIS
  • More searches
    Search for this title in:
    Other Libraries (WorldCat) Other Databases (Google Scholar) Online Stores (Bookfinder.com) Open Library (openlibrary.org)

Exporting to Dublin Core...

SOUTHVILLE LIBRARY

Southville International School and Colleges Library

1281 Tropical Ave. Cor. Luxembourg St., BF Homes International, Las Pinas City

Tel. No. 8256374 / 252358 Loc. 117/146

Powered by Koha